000 00816nas a2200277 4500
001 BR0102981
003 BR-BrBNA
005 20231205102317.0
007 ta
008 230509b bl.|||p| |||| 00| 00por d
040 _aBR-BrBNA
_bpor
_cBiblioteca Nacional de Agricultura
041 _a(Pt)
072 _aF60
100 1 _aMachado, E.C.
100 1 _aMedina, C.L.
100 1 _aGomes, M. de M. de S.
245 1 _aTeor de agua no substrato de crescimento e fotossintese em laranjeira "Valencia"
650 _aLaranja
650 _aSubstrato de Cultura
650 _aCrescimento
650 _aFotossintese
650 _aDeficiencia Hidrica
773 0 _tBragantia (Brazil)
_xISSN 0006-8705
_g(1999), v. 58(2) p. 217-266
_wBR0102981
909 _a202311
_bLúcia
_c55
_dLúcia Elande
942 _2AGRIS
_n0
_cANA
999 _c166912
_d166912